01014nam a2200277Ia 450000500170000000800270001702000180004410000270006224500900008925000210017930000260020053400330022665000300025965000440028965000320033370000430036594200150040826400300042333600270045333700330048033800280051304000350054108400110057699900150058795201340060220220317000348.0141031s9999 ck 000 0 spa d a97895842385971 aKundera, Milan,d1929-13aLa insoportable levedad del ser cMilan Kundera ; traducción de Fernando Valenzuela a2a reimpresión a329 páginasc19 cm. tNesnesitelná lehkrost byti142LEMBaNovela checoslovaca142LEMBaLiteratura checoslovacaySiglo XX142LEMBaAmor en la literatura1 aValenzuela, Fernandoetraductor916685 2loccBKLIT aBarcelonabTusquetsc2014 atextobtxt2rdacontent asin mediaciónbn2rdamedia avolumenbnc2rdacarrier aCO-BoRNBPbspaerdacCO-BoRNBP aN KUN1 c3837d3837 00102ddc40708GENaMECASARIbMECASARIcGENd2024-11-16l0oKUN1 Ej.1pBM0000581r2024-11-16 17:31:58tEj.1w2024-11-16yBKLIT